| 000 | 00828nas a2200253 454500 | ||
|---|---|---|---|
| 001 | IICA0600284 | ||
| 003 | BR-BrBNA | ||
| 005 | 20260323111502.0 | ||
| 007 | ta | ||
| 008 | 260323b bl.|||p| |||| 00| 00por d | ||
| 040 |
_aBR-BrBNA _bpor _cBiblioteca Nacional de Agricultura |
||
| 041 | _a(Es, En) | ||
| 072 | _aA01; E14 | ||
| 100 | 1 | _aOchoa, F.L. | |
| 245 | 1 | _aLa transformacion del sector agropecuario mexicano y el cambio tecnologico ; Technological change and the transformation of Mexico's agricultural sector | |
| 300 | _av. 2 (6) p. 11-18 | ||
| 650 | _aAGRICULTURA | ||
| 650 | _aSETOR AGRICOLA | ||
| 650 | _aTECNOLOGIA AGRICOLA | ||
| 650 | _aTRANSFERENCIA DE TECNOLOGIA | ||
| 773 | 0 |
_tCOMUNIICA (IICA) _g1997, v. 2 (6) p. 11-18 _wIICA0600284 |
|
| 909 |
_a202603 _bLúcia _c55 _dLúcia Elande |
||
| 942 |
_2IICA _n0 _cANA |
||
| 999 |
_c340536 _d340536 |
||